| 000 | 00693nas a2200241 454500 | ||
|---|---|---|---|
| 001 | IICA0600401 | ||
| 003 | BR-BrBNA | ||
| 005 | 20260323111520.0 | ||
| 007 | ta | ||
| 008 | 260323b bl.|||p| |||| 00| 00por d | ||
| 040 |
_aBR-BrBNA _bpor _cBiblioteca Nacional de Agricultura |
||
| 041 | _a(En) | ||
| 072 | _aH10 | ||
| 100 | 1 | _aTaylor, A.L. | |
| 100 | 1 | _aLoegering, W.Q. | |
| 245 | 1 | _aNematodes associated with roor lessions in abaca | |
| 300 | _av. 3 (1-2) p. 8-13 | ||
| 650 | _aCANHAMO DE MANILLA | ||
| 650 | _aNEMATOIDE | ||
| 773 | 0 |
_tTURRIALBA (IICA) _X0041-4360 _g(Jan-Jun 1953), v. 3 (1-2) p. 8-13 _wIICA0600401 |
|
| 909 |
_a202603 _bLúcia _c55 _dLúcia Elande |
||
| 942 |
_2IICA _n0 _cANA |
||
| 999 |
_c340652 _d340652 |
||